000 00554nam a2200181Ia 4500
008 240729s9999 xx 000 0 und d
022 _a2090-6676
245 0 _aCase Reports in Neurological Medicine
260 _aUnited Kingdom
260 _bHindawi Limited
650 _a Internal medicine
650 _a Neurology. Diseases of the nervous system
650 _a Neurosciences. Biological psychiatry. Neuropsychiatry
650 _aMedicine
856 _uhttps://doaj.org/toc/a942efc88b854a438426a15b28548cfe
942 _2ddc
942 _cDOAJEJ
999 _c71659
_d71659
945 _a1
_bMadushi Gamage
_c1
_dMadushi Gamage